书目信息 |
| 题名: |
致青年朋友的信
|
|
| 作者: | 哈伯德 , 阿尔伯特·哈伯德 著 ;常桦 译 | |
| 分册: | ||
| 出版信息: | 延吉 延边人民出版社 2003 |
|
| 页数: | 116页 | |
| 开本: | 22cm | |
| 丛书名: | ||
| 单 册: | ||
| 中图分类: | D432.63 | |
| 科图分类: | ||
| 主题词: | 青年修养 | |
| 电子资源: | ||
| ISBN: | 7-80698-065-2 | |
| 000 | 01129nam0 2200325 450 | |
| 000 | 01094nam0 2200313 450 | |
| 000 | 01057nam0 2200301 450 | |
| 000 | 00926nam0 2200289 450 | |
| 000 | 00889nam0 2200277 450 | |
| 000 | 00823nam0 2200253 450 | |
| 001 | 0104000022 | |
| 005 | 20061013102446.86 | |
| 010 | @a7-80698-065-2@b精装@dCNY9.80 | |
| 100 | @a20050927d2003 de y0chiy0110 ea | |
| 101 | 1 | @achi@ceng |
| 102 | @aCN@b220000 | |
| 105 | @aa z 000yy | |
| 200 | 1 | @a致青年朋友的信@Azhi qing nian peng you de xin@f(美)阿尔伯特·哈伯德著@F(mei)a er bo te·ha bo de zhu@g常桦译@Gchang hua yi |
| 210 | @a延吉@c延边人民出版社@d2003 | |
| 215 | @a116页@c图, [1页]图版@d22cm | |
| 330 | @a本书是作者多年人生阅历和深思熟虑的产物,它是一些基本的人生理念和处世态度。 | |
| 606 | 0 | @a青年修养 |
| 690 | @aD432.63@v4 | |
| 701 | 1 | @a哈伯德@9ha bo de@b阿尔伯特@4著 |
| 701 | 0 | @a阿尔伯特·哈伯德@Aa er bo te·ha bo de@4著 |
| 702 | 0 | @a常桦@9chang hua@4译 |
| 801 | 0 | @aCN@b北京荣雅伟业图书经销中心@c20061013 |
| 905 | @aBZT@dD432.63@e11 | |
| 906 | @dCNY9.80@n0@r1 | |
| 致青年朋友的信/(美)阿尔伯特·哈伯德著/常桦译.-延吉:延边人民出版社,2003 |
| 116页:图, [1页]图版;22cm |
| ISBN 7-80698-065-2(精装):CNY9.80 |
| 本书是作者多年人生阅历和深思熟虑的产物,它是一些基本的人生理念和处世态度。 |
| ● |
| 相关链接 |
|
|
|
正题名:致青年朋友的信
索取号:D432.63/11
 
预约/预借
| 序号 | 登录号 | 条形码 | 馆藏地/架位号 | 状态 | 备注 |
| 1 | 500726 | 230075044 | 中心书库南/011架A面3层3列/ [索取号:D432.63/11] | 在馆 | |
| 2 | 500727 | 230075043 | 中心书库南/011架A面3层3列/ [索取号:D432.63/11] | 在馆 | |
| 3 | 500728 | 230075042 | 中心书库南/011架A面3层3列/ [索取号:D432.63/11] | 在馆 | |
| 4 | 500729 | 230075041 | 中心书库南/011架A面3层3列/ [索取号:D432.63/11] | 在馆 | |
| 5 | 500730 | 230075039 | 中心书库南/011架A面3层3列/ [索取号:D432.63/11] | 在馆 |